| Tag |
First Indicator |
Second Indicator |
Subfields |
| LEADER |
00000cam a2200000 4500 |
| 001 |
in00000041846 |
| 005 |
20151007064807.0 |
| 008 |
800524s1950 wb b 00000 gere |
| 010 |
|
|
|a 51015881
|
| 035 |
|
|
|a (OCoLC)06354548
|
| 035 |
|
|
|9 AAE0618AM
|
| 040 |
|
|
|a DLC
|c TXA
|d TXA
|d UtOrBLW
|
| 049 |
|
|
|a TXAM
|c [235749]
|
| 050 |
|
0 |
|a TC171
|b .W57 1950
|
| 082 |
0 |
|
|a 532.5
|
| 092 |
|
|
|a 532.5
|b W775a3
|
| 100 |
1 |
|
|a Winkel, Richard,
|d 1883-
|
| 245 |
1 |
0 |
|a Angewandte Hydromechanik im Wasserbau /
|c ein Handbuch fur Studium und Praxis.
|
| 250 |
|
|
|a 3. erweiterte Aufl.
|
| 264 |
|
1 |
|a Berlin :
|b W. Ernst,
|c 1950.
|
| 300 |
|
|
|a vii, 143 pages :
|b illustrations ;
|c 21 cm.
|
| 336 |
|
|
|a text
|b txt
|2 rdacontent
|
| 337 |
|
|
|a unmediated
|b n
|2 rdamedia
|
| 338 |
|
|
|a volume
|b nc
|2 rdacarrier
|
| 500 |
|
|
|a Errata (Berichtigung) slip inserted.
|
| 504 |
|
|
|a Bibliography: pages 140-143.
|
| 650 |
|
0 |
|a Hydrodynamics.
|
| 999 |
|
|
|a MARS
|
| 999 |
f |
f |
|s aa71dea7-5b32-3303-be10-31445b19eb4e
|i 60e36a5e-2b52-3e41-9839-2a0492dfdfe4
|t 0
|
| 952 |
f |
f |
|p ric
|a Texas A&M University
|b Rellis Campus
|c Joint Library Facility
|d Remote Storage
|t 0
|e TC171 .W57 1950
|h Library of Congress classification
|i unmediated -- volume
|m A14800914882
|
| 998 |
f |
f |
|a TC171 .W57 1950
|t 0
|l Remote Storage
|